[Event "GER CCM-E01-C email"]
[Site "GER email"]
[Date "2017.06.26"]
[Round "?"]
[White "Avellan, Gerardo"]
[Black "Sinnett, Glyn"]
[Result "0-1"]
[WhiteElo "2210"]
[BlackElo "2225"]
[PlyCount "84"]
[EventDate "2017.??.??"]
[EventType "tourn (corr)"]
[EventRounds "13"]
[EventCountry "GER"]
[SourceTitle "Corr 2020"]
[Source "ChessBase"]
[SourceDate "2019.09.30"]
[SourceVersion "1"]
[SourceVersionDate "2019.09.30"]
[SourceQuality "1"]

1. d4 d5 2. Nf3 Nf6 3. Bg5 Ne4 4. Bh4 c5 5. c3 cxd4 6. Nxd4 Qb6 7. Nb3 Qh6 8. Bg3 Nxg3 9. fxg3 e6 10. Qd2 Qh5 11. Na3 a6 12. Nc2 Nd7 13. 0-0-0 Be7 14. e3 Nf6 15. Bd3 0-0 16. Kb1 a5 17. Qe2 Qxe2 18. Bxe2 a4 19. Nd2 a3 20. Nxa3 Bxa3 21. bxa3 Rxa3 22. Kb2 Ra7 23. Rhe1 Bd7 24. g4 Bc6 25. Rf1 Nd7 26. Rf4 Nc5 27. g5 Na4+ 28. Kb3 Bd7 29. Nb1 Ra5 30. a3 Nc5+ 31. Ka2 Ba4 32. Rd2 Bb3+ 33. Kb2 b5 34. Bd3 Rb8 35. g3 Ra7 36. h4 g6 37. Rff2 Kg7 38. Rf4 h6 39. gxh6+ Kxh6 40. g4 f5 41. Bc2 Bxc2 42. Kxc2 Ne4 0-1

[Event "GER CCM-E01-C email"]
[Site "GER email"]
[Date "2017.06.26"]
[Round "?"]
[White "Kulakiewicz, Mariusz"]
[Black "Sinnett, Glyn"]
[Result "1/2-1/2"]
[WhiteElo "2242"]
[BlackElo "2225"]
[PlyCount "30"]
[EventDate "2017.??.??"]
[EventType "tourn (corr)"]
[EventRounds "13"]
[EventCountry "GER"]
[SourceTitle "Corr 2020"]
[Source "ChessBase"]
[SourceDate "2019.09.30"]
[SourceVersion "1"]
[SourceVersionDate "2019.09.30"]
[SourceQuality "1"]

1. e4 e5 2. Nf3 Nc6 3. Bb5 Nf6 4. 0-0 Nxe4 5. Re1 Nd6 6. Nxe5 Nxe5 7. Rxe5+ Be7 8. Bf1 0-0 9. d4 Bf6 10. Re1 Nf5 11. c3 d5 12. Nd2 Nd6 13. Nf3 Bf5 14. Bf4 c6 15. Bd3 Bxd3 1/2-1/2

[Event "GER CCM-E01-C email"]
[Site "GER email"]
[Date "2017.06.26"]
[Round "?"]
[White "Sinnett, Glyn"]
[Black "Latas, Perica"]
[Result "1/2-1/2"]
[WhiteElo "2225"]
[BlackElo "2223"]
[PlyCount "25"]
[EventDate "2017.??.??"]
[EventType "tourn (corr)"]
[EventRounds "13"]
[EventCountry "GER"]
[SourceTitle "Corr 2020"]
[Source "ChessBase"]
[SourceDate "2019.09.30"]
[SourceVersion "1"]
[SourceVersionDate "2019.09.30"]
[SourceQuality "1"]

1. e4 c5 2. Nf3 d6 3. d4 cxd4 4. Nxd4 Nf6 5. Nc3 a6 6. f3 e5 7. Nb3 Be6 8. Be3 Be7 9. Qd2 0-0 10. 0-0-0 Nbd7 11. g4 b5 12. a3 Qc7 13. h4 1/2-1/2